<?xml version="1.0" encoding="UTF-8"?>
<collection xmlns="http://www.loc.gov/MARC21/slim">
<record>
  <controlfield tag="001">47456</controlfield>
  <controlfield tag="005">20221001000437.0</controlfield>
  <datafield tag="751" ind1=" " ind2="7">
    <subfield code="2">DE-Ds200</subfield>
    <subfield code="a">IGN_4_GSI</subfield>
  </datafield>
  <datafield tag="909" ind1="C" ind2="O">
    <subfield code="o">oai:repository.gsi.de:47456</subfield>
    <subfield code="p">authority:INSTITUTION</subfield>
    <subfield code="p">authority:INSTITUTE</subfield>
    <subfield code="p">authority</subfield>
  </datafield>
  <datafield tag="980" ind1=" " ind2=" ">
    <subfield code="a">I</subfield>
  </datafield>
  <datafield tag="980" ind1=" " ind2=" ">
    <subfield code="a">Institution</subfield>
  </datafield>
  <datafield tag="980" ind1=" " ind2=" ">
    <subfield code="a">AUTHORITY</subfield>
  </datafield>
  <datafield tag="024" ind1="7" ind2=" ">
    <subfield code="2">I:(DE-Ds200)</subfield>
    <subfield code="a">I:(DE-Ds200)Ext-EMMI</subfield>
  </datafield>
  <datafield tag="410" ind1="1" ind2=" ">
    <subfield code="a">EMMI</subfield>
    <subfield code="w">d</subfield>
  </datafield>
  <datafield tag="410" ind1="1" ind2=" ">
    <subfield code="a">Helmholtz-Allianz 'Kosmische Materie im Labor', Extreme Matter Institute</subfield>
  </datafield>
  <datafield tag="410" ind1="1" ind2=" ">
    <subfield code="a">Extreme Matter Institute</subfield>
  </datafield>
  <datafield tag="410" ind1="1" ind2=" ">
    <subfield code="a">Helmholtz Alliance 'Cosmic Matter in the Laboratory'</subfield>
  </datafield>
  <datafield tag="110" ind1="1" ind2=" ">
    <subfield code="a">Helmholtz Alliance 'Cosmic Matter in the Laboratory', Extreme Matter Institute</subfield>
    <subfield code="g">External Alliance</subfield>
  </datafield>
  <datafield tag="510" ind1="1" ind2=" ">
    <subfield code="0">I:(DE-588b)5165524-X</subfield>
    <subfield code="a">Helmholtz-Gemeinschaft Deutscher Forschungszentren</subfield>
    <subfield code="g">HGF</subfield>
    <subfield code="w">t</subfield>
  </datafield>
  <datafield tag="035" ind1=" " ind2=" ">
    <subfield code="a">I:(DE-Ds200)Ext-EMMI</subfield>
  </datafield>
</record>
</collection>